AH International Schools' Libraries

George's balloon (Record no. 31931)

MARC details
000 -LEADER
fixed length control field 00283nam a22001097a 4500
008 - FIXED-LENGTH DATA ELEMENTS--GENERAL INFORMATION
fixed length control field 150311b xxu||||| |||| 00| 0 eng d
020 ## - INTERNATIONAL STANDARD BOOK NUMBER
International Standard Book Number 9780723297178
245 ## - TITLE STATEMENT
Title George's balloon
260 ## - PUBLICATION, DISTRIBUTION, ETC. (IMPRINT)
Place of publication, distribution, etc New York :
Name of publisher, distributor, etc Ladybird,
Date of publication, distribution, etc 2015.
300 ## - PHYSICAL DESCRIPTION
Extent 22 p. :
Other physical details ill. ;
Dimensions 20 cm.
942 ## - ADDED ENTRY ELEMENTS (KOHA)
Source of classification or shelving scheme
Item type Book
Holdings
Withdrawn status Lost status Source of classification or shelving scheme Damaged status Not for loan Home library Current library Shelving location Date acquired Total Checkouts Full call number Barcode Date last seen Price effective from Koha item type
          Asian Hope Primary Library Asian Hope Primary Library   03/11/2015   FE BAL Lev.M 086825 03/11/2015 03/11/2015 Book

For any Logos Library related questions please contact Miss Art at swongnarasuk@asianhope.org.

For any Asian Hope Library related questions please contact Miss Raza at graza@asianhope.org.

Click here to explore our ebooks!

Powered by Koha